Nâng cao và phát triển sinh học 12
Sách được viết theo từng chủ đề thuộc sách giáo khoa sinh học 12, mỗi chủ đề gồm các phần: kiến thức mở rộng và nâng cao, một số ví dụ và bài tập.
Bewaard in:
| Hoofdauteur: | |
|---|---|
| Formaat: | Boek |
| Taal: | Undetermined |
| Gepubliceerd in: |
Hà Nội
Giáo dục Việt Nam
2011
|
| Onderwerpen: | |
| Tags: |
Voeg label toe
Geen labels, Wees de eerste die dit record labelt!
|
| Thư viện lưu trữ: | Trung tâm Học liệu Trường Đại học Cần Thơ |
|---|
| LEADER | 00902nam a2200217Ia 4500 | ||
|---|---|---|---|
| 001 | CTU_185190 | ||
| 008 | 210402s9999 xx 000 0 und d | ||
| 020 | |c 39500 | ||
| 082 | |a 570.712 | ||
| 082 | |b Đ307 | ||
| 100 | |a Lê, Hồng Điệp | ||
| 245 | 0 | |a Nâng cao và phát triển sinh học 12 | |
| 245 | 0 | |c Lê Hồng Điệp, Lê Đình Trung | |
| 260 | |a Hà Nội | ||
| 260 | |b Giáo dục Việt Nam | ||
| 260 | |c 2011 | ||
| 520 | |a Sách được viết theo từng chủ đề thuộc sách giáo khoa sinh học 12, mỗi chủ đề gồm các phần: kiến thức mở rộng và nâng cao, một số ví dụ và bài tập. | ||
| 650 | |a Biology,Sinh học | ||
| 650 | |x Study and teaching (Secondary),Dạy và học (Trung học) | ||
| 904 | |i Hải | ||
| 980 | |a Trung tâm Học liệu Trường Đại học Cần Thơ | ||